Ecce homo: cómo se llega a ser lo que se es

Uloženo v:
Podrobná bibliografie
Médium: Kniha
Jazyk:španělština
Vydáno: Madrid Alianza 2011
Vydání:3a. ed
Edice:El Libro de Bolsillo, 4
Témata:
Tagy: Přidat tag
Žádné tagy, Buďte první, kdo vytvoří štítek k tomuto záznamu!

MARC

LEADER 00000cam a2200000 a 4500
001 UCF2717
003 CL-VaPUC
008 120910e20110000SP |||||||||||||||||spa|d
020 |a 9788420653556 
082 0 4 |a 128  |b NIE  |2 21 
245 1 0 |a Ecce homo: cómo se llega a ser lo que se es 
250 |a 3a. ed 
300 |a 202 p 
942 |c BK 
945 |d 20120910 00:00:00  |a cmena 
260 |a Madrid  |b Alianza  |c 2011 
650 0 |a Antropología filosófica  |9 265842 
650 0 |a Naturaleza humana   |9 308593 
650 0 |a Filosofía alemana   |9 265002 
583 |a last modification  |c 20120910 11:39:00  |k Rodrigo Vera 
490 0 |a El Libro de Bolsillo, 4 
999 |c 349257  |d 349255 
952 |0 0  |1 0  |4 0  |6 128_000000000000000_NIE_2011  |7 0  |8 A  |9 451808  |a BIBEDU  |b BIBEDU  |d 2019-11-22  |i 4901185  |o 128 NIE 2011  |p 4901185  |r 2019-11-22  |w 2019-11-22  |y BK  |k PSI 
952 |0 0  |1 0  |4 0  |6 128_000000000000000_NIE_2011  |7 0  |8 A  |9 451809  |a BIBEDU  |b BIBEDU  |d 2019-11-22  |i 4901193  |l 2  |m 3  |o 128 NIE 2011  |p 4901193  |r 2024-06-25  |s 2024-06-25  |w 2019-11-22  |y BK  |k PSI 
952 |0 0  |1 0  |3 erb  |4 0  |6 128_000000000000000_NIE_2011  |7 0  |8 A  |9 451810  |a BIBEDU  |b BIBEDU  |i 5367670  |o 128 NIE 2011  |p 5367670  |r 2019-11-22  |w 2019-11-22  |y BK  |z Catalogado en:20170317  |k FIL